Odhad parametrov jednorovnicového lineárneho modelu pomocou metódy najmenších štvorcov bakalárska práca

Salvato in:
Dettagli Bibliografici
Autore principale: Murcková, Michaela
Ente Autore: Fakulta hospodárskej informatiky EU. Katedra operačného výskumu a ekonometrie
Altri autori: Oštrom, Marek
Natura: Libro
Lingua:slovacco
Pubblicazione: Bratislava 2011
Tags: Aggiungi Tag
Nessun Tag, puoi essere il primo ad aggiungerne!!

MARC

LEADER 00000nbm a2200000 4500
001 0151956
005 20120525084942.2
041 0 |a slo 
044 |a SK 
245 1 0 |a Odhad parametrov jednorovnicového lineárneho modelu pomocou metódy najmenších štvorcov  |b bakalárska práca  |c Michaela Murcková ; školiteľ: Marek Oštrom 
264 1 |a Bratislava  |c 2011 
300 |a 46 s. 
100 1 |a Murcková, Michaela 
700 1 |a Oštrom, Marek 
710 2 |a Fakulta hospodárskej informatiky EU. Katedra operačného výskumu a ekonometrie